Employee earnings in miscellaneous retail stores.

Bibliographic Details
New Title:Employee earnings and hours in miscellaneous retail stores
Format: Government Document Serial
Language:English
Published: [Washington, D.C.] : United States Department of Labor, Bureau of Labor Statistics
Series:Bulletin of the United States Bureau of Labor Statistics.
Subjects:
Online Access:https://purl.fdlp.gov/GPO/gpo110960

MARC

Tag First Indicator Second Indicator Subfields
LEADER 00000cas a2200000 i 4500
001 in00004030813
005 20190422104559.0
006 m o |
007 cr |||||||||||
008 160919d19uu19uudcu|| os f| 0eng c
010 |z  2018231474 
035 |a (OCoLC)ocn958744138 
040 |a Z5A  |b eng  |e rda  |e pn  |c Z5A  |d GPO  |d MvI  |d UtOrBLW 
042 |a pcc 
043 |a n-us--- 
049 |a WWW 
074 |a 0768-A-01 (online) 
086 0 |a L 2.3: 
245 0 0 |a Employee earnings in miscellaneous retail stores. 
264 1 |a [Washington, D.C.] :  |b United States Department of Labor, Bureau of Labor Statistics 
300 |a 1 online resource (volumes). 
310 |a Irregular 
336 |a text  |b txt  |2 rdacontent 
337 |a computer  |b c  |2 rdamedia 
338 |a online resource  |b cr  |2 rdacarrier 
362 1 |a Ceased publication. 
490 1 |a Bulletin / United States Department of Labor, Bureau of Labor Statistics 
588 |a Description based on: June 1961; title from PDF title page (FRASER website, viewed Oct. 31, 2018). 
588 |a Latest issue consulted: June 1962 (FRASER website, viewed Oct. 31, 2018). 
650 0 |a Wages  |x Retail trade employees  |z United States  |v Statistics  |v Periodicals. 
650 0 |a Wages  |x Drugstore employees  |z United States  |v Statistics  |v Periodicals. 
710 1 |a United States.  |b Bureau of Labor Statistics,  |e issuing body.  |0 http://id.loc.gov/authorities/names/n79076159 
776 0 8 |i Print version:  |t Employee earnings in miscellaneous retail stores  |w (DLC) 2003260043  |w (OCoLC)51464036 
785 0 0 |t Employee earnings and hours in miscellaneous retail stores  |w (DLC) 2003260044  |w (OCoLC)51464029 
830 0 |a Bulletin of the United States Bureau of Labor Statistics.  |0 http://id.loc.gov/authorities/names/n42005420 
856 4 0 |u https://purl.fdlp.gov/GPO/gpo110960  |t 0 
999 f f |s 1f8a039d-e8b6-30ad-a975-6176a64bb22d  |i 4baacfeb-c5ca-3224-aa5f-0e355a0b2499  |t 0 
952 f f |a Texas A&M University  |b College Station  |c Electronic Resources  |d Available Online  |t 0  |e L 2.3:  |h Superintendent of Documents classification 
998 f f |a L 2.3:  |t 0  |l Available Online